Metals handbook. Volume 5, Surface cleaning, finishing, and coating (Record no. 61553)

000 -LEADER
fixed length control field 00721nam a22001937a 4500
003 - CONTROL NUMBER IDENTIFIER
control field NUST-PNEC
005 - DATE AND TIME OF LATEST TRANSACTION
control field 20170116180724.0
008 - FIXED-LENGTH DATA ELEMENTS--GENERAL INFORMATION
fixed length control field 141031b xxu||||| |||| 00| 0 eng d
020 ## - INTERNATIONAL STANDARD BOOK NUMBER
International Standard Book Number 0871700115
040 ## - CATALOGING SOURCE
Transcribing agency LIBRARY
082 ## - DEWEY DECIMAL CLASSIFICATION NUMBER
Classification number 669 WOO
100 ## - MAIN ENTRY--PERSONAL NAME
9 (RLIN) 891
Personal name Wood William G.
245 ## - TITLE STATEMENT
Title Metals handbook. Volume 5, Surface cleaning, finishing, and coating
Statement of responsibility, etc. William G.Wood
260 ## - PUBLICATION, DISTRIBUTION, ETC.
Place of publication, distribution, etc. Metals Park, Ohio :
Name of publisher, distributor, etc. American Society for Metals,
Date of publication, distribution, etc. c.1982.
300 ## - PHYSICAL DESCRIPTION
Extent xvii, 715 p. :
Other physical details ill., plans ;
Dimensions 29 cm.
500 ## - GENERAL NOTE
General note http://www.amazon.com/Metals-Handbook-Asm-Cleaning-Finishing/dp/0871700115/ref=sr_1_1?ie=UTF8&qid=1414733139&sr=8-1&keywords=0871700115
650 ## - SUBJECT ADDED ENTRY--TOPICAL TERM
Form subdivision Handbook,
General subdivision ME
9 (RLIN) 4962
Topical term or geographic name entry element Metals
942 ## - ADDED ENTRY ELEMENTS (KOHA)
Source of classification or shelving scheme
Koha item type Book
Holdings
Withdrawn status Lost status Source of classification or shelving scheme Damaged status Not for loan Permanent Location Current Location Shelving location Date acquired Source of acquisition Cost, normal purchase price Total Checkouts Full call number Barcode Date last seen Cost, replacement price Price effective from Koha item type
          Pakistan Navy Engineering College (PNEC) Pakistan Navy Engineering College (PNEC) Reference   Sasi Book Store 1445.00   669 WOO PNECLIB-006477 10/31/2014 1445.00   Book
© 2023 Central Library, National University of Sciences and Technology. All Rights Reserved.